Score 0/20 Timer 03:00
1 Play Today
% Correct
Mice
98.3%
Grapes
97%
Eden
92.4%
Brief
88.5%
Cider
79.9%
Kill
75.3%
Eastwick
73.5%
Garp
71.5%
End
63.1%
Winter
61.6%
% Correct
Flat
45.3%
Rabbit
43.2%
King
41.3%
Prayer
38.5%
Hampshire
36.9%
Sundays
32.3%
Painted
13.8%
Joe
9.2%
Widow
9%
Bech
3%

Today's Daily Dose

Missing Word
Lizzo Songs

Get the Picture
The Longest Rivers

Remove Ads.
Support Sporcle.
Get the best of Sporcle when you Go Orange. This ad-free experience offers more features, more stats, and more fun while also helping to support Sporcle. Thank you for becoming a member.

You're not logged in!

Compare scores with friends on all Sporcle quizzes.
OR
Log In

Show Comments

Extras

Top Quizzes Today


Score Distribution

Your Account Isn't Verified!

In order to create a playlist on Sporcle, you need to verify the email address you used during registration. Go to your Sporcle Settings to finish the process.

Report this User

Report this user for behavior that violates our Community Guidelines.

Details: